000 00711nam a2200229Ia 4500
003 GCL
008 140319s9999 xx 000 0 ara d
040 _aGCL /
_cGCL
082 0 4 _a330.964
_bع ن
100 1 _aعزالدين احمد موسى
245 1 0 _aالنشاط الاقتصادى فى المغرب الاسلامى خلال القرن السادس الهجرى /
_cعزالدين احمد موسى
300 _a439 ص
490 _a
650 0 4 _aالمغرب
650 0 4 _aالتجارة
650 0 4 _aالزراعة
650 0 4 _aالجغرافيا الطبيعية
650 0 4 _aالسكان
650 0 4 _aالصناعة
650 0 4 _aالاقتصاد - تاريخ
942 _2ddc
_cBK
999 _c39614
_d39614